<?xml version="1.0" encoding="UTF-8"?><?xml-stylesheet type="text/xsl" href="static/style.xsl"?><OAI-PMH xmlns="http://www.openarchives.org/OAI/2.0/" xmlns:xsi="http://www.w3.org/2001/XMLSchema-instance" xsi:schemaLocation="http://www.openarchives.org/OAI/2.0/ http://www.openarchives.org/OAI/2.0/OAI-PMH.xsd"><responseDate>2026-04-27T22:04:36Z</responseDate><request verb="GetRecord" identifier="oai:uvadoc.uva.es:10324/40732" metadataPrefix="marc">https://uvadoc.uva.es/oai/request</request><GetRecord><record><header><identifier>oai:uvadoc.uva.es:10324/40732</identifier><datestamp>2025-02-03T12:50:56Z</datestamp><setSpec>com_10324_2555</setSpec><setSpec>col_10324_2556</setSpec></header><metadata><record xmlns="http://www.loc.gov/MARC21/slim" xmlns:doc="http://www.lyncode.com/xoai" xmlns:xsi="http://www.w3.org/2001/XMLSchema-instance" xmlns:dcterms="http://purl.org/dc/terms/" xsi:schemaLocation="http://www.loc.gov/MARC21/slim http://www.loc.gov/standards/marcxml/schema/MARC21slim.xsd">
<leader>00925njm 22002777a 4500</leader>
<datafield tag="042" ind1=" " ind2=" ">
<subfield code="a">dc</subfield>
</datafield>
<datafield tag="720" ind1=" " ind2=" ">
<subfield code="a">Domínguez Burrieza, Francisco Javier</subfield>
<subfield code="e">author</subfield>
</datafield>
<datafield tag="260" ind1=" " ind2=" ">
<subfield code="c">2020</subfield>
</datafield>
<datafield tag="520" ind1=" " ind2=" ">
<subfield code="a">Pautas generales que deben seguirse para realizar la locución de un texto guionizado sobre la experiencia estética que se produce con la visualización de una fotografía. Siguiendo estas se han realizado, dentro de la asignatura "Nuevas Tecnologías Aplicadas al estudio de la Historia del Arte", del Grado en Historia del Arte de la UVa, varias piezas de videoarte.</subfield>
</datafield>
<datafield tag="024" ind2=" " ind1="8">
<subfield code="a">http://uvadoc.uva.es/handle/10324/40732</subfield>
</datafield>
<datafield tag="245" ind1="0" ind2="0">
<subfield code="a">Pautas generales para realizar la locución de un texto guionizado sobre una serie de fotografías (PID: “Arte y Cine II”)</subfield>
</datafield>
</record></metadata></record></GetRecord></OAI-PMH>